| 000 | 01459cam a22003134a 4500 | ||
|---|---|---|---|
| 999 |
_c330223 _d330223 |
||
| 001 | 12418290 | ||
| 003 | NUST | ||
| 005 | 20170614113023.0 | ||
| 008 | 010523s2001 enka bf 001 0 eng | ||
| 010 | _a 2001040143 | ||
| 020 | _a0471899542 (pbk.) | ||
| 040 |
_aDLC _cDLC _dDLC |
||
| 041 | 1 |
_aeng _hger |
|
| 042 | _apcc | ||
| 050 | 0 | 0 |
_aTD193 _b.S3813 2001 |
| 082 | 0 | 0 |
_a577.14 SCH _221 |
| 100 | 1 |
_aSchwedt, Georg, _d1943- _92654 |
|
| 240 | 1 | 0 |
_aTaschenatlas der Umweltchemie. _lEnglish |
| 245 | 1 | 4 |
_aThe essential guide to environmental chemistry / _cGeorg Schwedt ; translated by Brooks Haderlie. |
| 260 |
_aChichester ; _aNew York : _bJohn Wiley, _cc2001. |
||
| 300 |
_ax, 256 p. : _bcol. ill. ; _c21 cm. |
||
| 500 | _aTranslation of: Taschenatlas der Umweltchemie. | ||
| 501 | _aP.B | ||
| 504 | _aIncludes bibliographical references (p. [238]-239) and index. | ||
| 650 | 0 |
_aEnvironmental chemistry _vHandbooks, manuals, etc. _92655 |
|
| 856 | 4 | 2 |
_3Publisher description _uhttp://www.loc.gov/catdir/description/wiley034/2001040143.html |
| 856 | 4 |
_3Table of Contents _uhttp://www.loc.gov/catdir/toc/onix06/2001040143.html |
|
| 856 | 4 | 2 |
_3Book review (E-STREAMS) _uhttp://www.e-streams.com/es0506/es0506_1921.htm |
| 906 |
_a7 _bcbc _corignew _d1 _eocip _f20 _gy-gencatlg |
||
| 942 |
_2ddc _cBK _kIESE |
||